000 00288nam a2200109Ia 4500
008 190216s9999||||xx |||||||||||||| ||und||
100 _aRama R S
245 0 _aConcession And Priorities Admissible To Ex Defence Service Personel
260 _bCjr Tes
650 _aReferences
942 _cREF
999 _c35831
_d35831